000 00335nam a22001457a 4500
008 210519b ||||| |||| 00| 0 eng d
020 _a0393093077
041 _aeng
080 _23rd
_a82
082 _a82
100 _a21
101 _aGJL
245 _aThe Norton Anthology of English Literature
_cM. H. Abrams
942 _2udc
_cBK
999 _c57537
_d57537